000 00508nam a2200181Ia 4500
001 72277
008 160401s9999 xx 000 0 und d
020 _a9780062372413
040 _cPK-LaUMT
082 _a 158.1
_bBRE-F
100 _aBregman, Peter
245 _aFour seconds
_ball the time you need to stop countrer-productive habits and get the results you want
_cBregman, Peter
260 _aNew York,USA:
_bHarper One,
_c2015
300 _a258 p.
546 _aEN
650 _aSuccess
942 _cBK
999 _c85257
_d85257